LEADER 01041nam0 22002891i 450 001 RML0311932 005 20231121125751.0 100 $a20121121d2006 ||||0itac50 ba 101 | $aeng 102 $aus 181 1$6z01$ai $bxxxe 182 1$6z01$an 200 1 $aSAS for mixed models$fRamon C. Littell ... [et al.] 205 $a2nd ed 210 $aCary, N.C. $cSAS Institute $dİ2006 215 $aXII, 814 p.$cill.$d28 cm.$e1 CD 606 $aProgrammi per microelaboratori$2FIR$3RMLC383278$9I 676 $a005.1$9PROGRAMMAZIONE$v21 702 1$aLittell$b, Ramon C.$3RMLV201396 801 3$aIT$bIT-01$c20121121 850 $aIT-FR0098 899 $aBiblioteca Area Giuridico Economica$bFR0098 912 $aRML0311932 950 0$aBiblioteca Area Giuridico Economica$d 53DIMET 005.1/9$e 53VM 0000823705 VM barcode:BAGE018160. - Inventario:390. - Fondo:Sala consultazioneVM$fA $h20100326$i20121204 977 $a 53 996 $aSAS for mixed models$93632144 997 $aUNICAS